000 01051nam a2200301 a 4500
001 41827
003 BD-RjUL
005 20211209053445.0
008 160606s1972 enk b 000 0 eng d
020 _a0854962212
035 _a(BD-RjUL)41945
040 _aBD-RjUL
_beng
_cBD-RjUL
_dBD-RjUL
041 1 _aeng
_hger
082 _222
_a338.911724
_bEPN 1972
100 1 _aEppler, Erhard.
_9128480
245 1 0 _aNot much time for the Third World /
_cErhard Eppler ; translated from the German by Gerard Finan
260 _aLondon :
_bWolff,
_cc1972
300 _a143 p. ;
_c19 cm
500 _aTranslation of Wenig Zeit für die Dritte Welt
504 _aIncludes bibliographical references: p.140-143
650 0 _aEconomic assistance, German
_zDeveloping countries
_9128481
650 0 _aTechnical assistance, German
_zDeveloping countries
_9128482
651 0 _aDeveloping countries
_xEconomic conditions
_9128238
710 _aGerard Finan
_9128483
942 _2ddc
_cBK
999 _c41827
_d41827